00586nam a2200169Ia 4500008004000000020001800040082001700058100002500075245003600100260005200136300001100188650001800199690001500217906001100232999001900243952015400262210210b2000 xxu||||| |||| 00| 0 eng d a0 534 34681 2 a155.633 RIDO aRIDER (Elizabeth A). aOur voices psychology of women. aAustralia.bWadsworth, Thomson Learning.,c2000 axv,608 aWomen Woman  aPsychology a057686 c104754d104754 001040708PsychologyaALbALcPsychologyd2021-02-17eBook World, Mangalore.g1008.00l0o155.633 RIDOp057686r2021-02-17 00:00:00w2021-02-17yBK